| 000 | 00653nam a22001817a 4500 | ||
|---|---|---|---|
| 020 | _qHard Cover. | ||
| 082 | _a352 | ||
| 100 | _aMuhammad Saad Tariq | ||
| 245 |
_aThe Impact of Adrs on the Effectiveness of Judicial System: _bA Case Study of Pakistan / _cMuhammad Saad Tariq, Mohid Tauqeer, Maroosh Afzal and Hifza Syed. |
||
| 260 |
_aIslamabad: _bS3H - NUST, _c2019. |
||
| 300 |
_a266 p. : _bill. ; _c30cm. |
||
| 563 | _aHB | ||
| 650 |
_aBPA BS-Project Report. _927885 |
||
| 700 |
_aAfshan Hanif. _926112 |
||
| 856 | _uhttp://10.250.8.41:8080/xmlui/handle/123456789/5347 | ||
| 942 |
_2ddc _cPR |
||
| 999 |
_c533874 _d533874 |
||